| 000 | 00675nam a22002177a 4500 | ||
|---|---|---|---|
| 999 |
_c195686 _d195686 |
||
| 005 | 20230417161509.0 | ||
| 010 | _aENG-136690 | ||
| 020 |
_c175.00 _a9789387989603 |
||
| 035 | _aEN-120221 | ||
| 037 | _bDBAD/PUB | ||
| 082 | _aS | ||
| 100 | _aNadan, Nanjil | ||
| 245 | 0 | 0 |
_a A New Beginning _bBy Nanjil Nadan And Translated By Gita Subramanium |
| 250 | _aFirst | ||
| 260 |
_aNew Delhi _bSahitya Akademi _c2018 |
||
| 270 |
_bNew Delhi _aRabindra Bhawan,35 Ferozeshah Road _e110001 _k011-23386626/27/28 _msecretary@sahityaakademi.gov.in |
||
| 300 |
_a190.; _c21cm(pbk) |
||
| 500 | _aIncludes index | ||
| 700 |
_aGita Subramanium _eTranslated |
||
| 942 |
_2ddc _cEN _mMAD _hS |
||